[Event "Mittelfranken-chTB2b 1516"]
[Site "Mittelfranken"]
[Date "2016.02.28"]
[Round "7.7"]
[White "Bothe, Matthias"]
[Black "Gstaltmeyr, Karl"]
[Result "1-0"]
[WhiteElo "1855"]
[BlackElo "1700"]
[PlyCount "83"]
[EventDate "2015.10.18"]
[EventType "team-tourn"]
[EventRounds "9"]
[EventCountry "GER"]
[SourceTitle "EXT 2020"]
[Source "ChessBase"]
[SourceDate "2019.10.17"]
[SourceVersion "1"]
[SourceVersionDate "2019.10.17"]
[SourceQuality "1"]
[WhiteTeam "Neumarkt"]
[BlackTeam "Schwanstetten"]
[WhiteTeamCountry "GER"]
[BlackTeamCountry "GER"]

1. c4 e5 2. g3 d6 3. Nc3 Nf6 4. Bg2 Nc6 5. Nf3 Be6 6. b3 Be7 7. 0-0 Qc8 8. d4 exd4 9. Nxd4 Nxd4 10. Qxd4 Bh3 11. Nd5 Bxg2 12. Kxg2 Qd7 13. Bb2 Nxd5 14. Qxg7 0-0-0 15. cxd5 f6 16. Bxf6 Bxf6 17. Qxf6 Qb5 18. Qf5+ Kb8 19. Qd3 Qd7 20. e4 h5 21. h3 Rdf8 22. Rae1 Qg7 23. f4 Rhg8 24. e5 Rf5 25. Rf3 Rgf8 26. e6 Qe7 27. Qe4 b6 28. g4 hxg4 29. hxg4 Rh8 30. Rh3 Rxh3 31. Kxh3 Rf8 32. Kg3 Rh8 33. Rh1 Rxh1 34. Qxh1 Qg7 35. Qf3 Kc8 36. g5 Qa1 37. a4 a6 38. f5 Qg1+ 39. Kh4 Qh2+ 40. Kg4 Qg1+ 41. Kh5 Kd8 42. f6 1-0

[Event "Mittelfranken-chTB2b 1516"]
[Site "Mittelfranken"]
[Date "2016.01.24"]
[Round "5.6"]
[White "Gagel, Roland"]
[Black "Bothe, Matthias"]
[Result "0-1"]
[WhiteElo "1771"]
[BlackElo "1855"]
[PlyCount "78"]
[EventDate "2015.10.18"]
[EventType "team-tourn"]
[EventRounds "9"]
[EventCountry "GER"]
[SourceTitle "EXT 2020"]
[Source "ChessBase"]
[SourceDate "2019.10.17"]
[SourceVersion "1"]
[SourceVersionDate "2019.10.17"]
[SourceQuality "1"]
[WhiteTeam "Forchheim III"]
[BlackTeam "Neumarkt"]
[WhiteTeamCountry "GER"]
[BlackTeamCountry "GER"]

1. d4 Nf6 2. f4 g6 3. e3 Bg7 4. Bd3 d6 5. Nf3 0-0 6. c3 Nc6 7. e4 e5 8. fxe5 dxe5 9. d5 Ne7 10. Na3 Nexd5 11. 0-0 Nf4 12. Nxe5 Nxd3 13. Nxd3 Nxe4 14. Be3 Bf5 15. Nf2 Nxf2 16. Rxf2 Qe7 17. Qf3 Be4 18. Qg3 Be5 19. Qh3 f5 20. Nc4 Bg7 21. Nd2 Rad8 22. Nb3 b6 23. Nd4 c5 24. Ne2 Rfe8 25. Bh6 Rd3 26. g3 Bc6 27. Nf4 Qe4 28. Ng2 Red8 29. Bxg7 Kxg7 30. Raf1 Rd2 31. g4 Rxf2 32. Rxf2 Rd1+ 33. Rf1 Rxf1+ 34. Kxf1 Qxg2+ 35. Qxg2 Bxg2+ 36. Kxg2 fxg4 37. Kg3 h5 38. Kf4 Kf6 39. Ke4 g5 0-1

[Event "Mittelfranken-chTB2b 1516"]
[Site "Mittelfranken"]
[Date "2015.10.18"]
[Round "1.7"]
[White "Bothe, Matthias"]
[Black "Boehme, Sebastian1111"]
[Result "1/2-1/2"]
[WhiteElo "1855"]
[BlackElo "1912"]
[PlyCount "133"]
[EventDate "2015.10.18"]
[EventType "team-tourn"]
[EventRounds "9"]
[EventCountry "GER"]
[SourceTitle "EXT 2020"]
[Source "ChessBase"]
[SourceDate "2019.10.17"]
[SourceVersion "1"]
[SourceVersionDate "2019.10.17"]
[SourceQuality "1"]
[WhiteTeam "Neumarkt"]
[BlackTeam "Uttenreuth"]
[WhiteTeamCountry "GER"]
[BlackTeamCountry "GER"]

1. c4 e5 2. g3 Nf6 3. Bg2 c6 4. d4 exd4 5. Qxd4 d5 6. Nc3 dxc4 7. Qxc4 Be6 8. Qa4 Nbd7 9. Nf3 Nc5 10. Qc2 Qa5 11. 0-0 Nb3 12. Rb1 Nxc1 13. Rbxc1 Be7 14. Nd4 Bd7 15. Nb3 Qh5 16. Ne4 Ng4 17. h3 Nf6 18. g4 Bxg4 19. hxg4 Nxg4 20. Rfd1 Qh2+ 21. Kf1 Bh4 22. Nd6+ Kf8 23. Qf5 Nh6 24. Qf3 g6 25. Nc5 Kg7 26. Nd7 Rad8 27. Nxb7 Rde8 28. Rxc6 Nf5 29. Nd6 Nxd6 30. Rcxd6 h5 31. Qh3 Qf4 32. Qf3 Qh2 33. e3 Be7 34. R6d5 h4 35. Qf4 Qxf4 36. exf4 h3 37. Bh1 Rh4 38. R5d3 h2 39. Kg2 Rg4+ 40. Rg3 Rxf4 41. Kxh2 Rxf2+ 42. Rg2 Rh8+ 43. Kg1 Rf4 44. Rh2 Rxh2 45. Kxh2 Rf2+ 46. Kg3 Rxb2 47. Bd5 Rb5 48. Kf3 Ra5 49. Rd3 Ra4 50. Bb3 Rh4 51. Rd5 Rb4 52. Ra5 Rb7 53. Ne5 Bd8 54. Rd5 Bb6 55. Rd7 Rxd7 56. Nxd7 Bg1 57. Ne5 f6 58. Nc6 f5 59. Ne7 Kf6 60. Nd5+ Ke6 61. Nf4+ Kf6 62. Bc2 Kg7 63. Nd5 Kh6 64. Kg3 Kg5 65. Bd3 Bc5 66. Bc2 Bg1 67. Bd3 1/2-1/2

[Event "Mittelfranken-chTB2b 1314"]
[Site "Mittelfranken"]
[Date "2013.12.01"]
[Round "3.4"]
[White "Heinkelmann, Josef"]
[Black "Bothe, Matthias"]
[Result "1-0"]
[WhiteElo "1856"]
[BlackElo "1855"]
[PlyCount "37"]
[EventDate "2013.10.20"]
[EventType "team-tourn"]
[EventRounds "9"]
[EventCountry "GER"]
[SourceTitle "EXT 2020"]
[Source "ChessBase"]
[SourceDate "2019.10.17"]
[SourceVersion "1"]
[SourceVersionDate "2019.10.17"]
[SourceQuality "1"]
[WhiteTeam "Forchheim III"]
[BlackTeam "Neumarkt"]
[WhiteTeamCountry "GER"]
[BlackTeamCountry "GER"]

1. c4 Nf6 2. Nc3 g6 3. e4 c5 4. Nf3 Bg7 5. d4 cxd4 6. Nxd4 0-0 7. Be2 Nc6 8. 0-0 Nxe4 9. Nxc6 Nxc3 10. Nxe7+ Qxe7 11. bxc3 Bxc3 12. Rb1 d6 13. Bf3 Re8 14. Rb3 Be5 15. Bd5 Rb8 16. Re3 Qh4 17. g3 Qd4 18. Qxd4 Bxd4 19. Rxe8+ 1-0

[Event "Mittelfranken-chTB2b 1112"]
[Site "Germany"]
[Date "2012.03.11"]
[Round "8.4"]
[White "Leis, Stefan"]
[Black "Bothe, Matthias"]
[Result "1/2-1/2"]
[WhiteElo "1849"]
[BlackElo "1915"]
[PlyCount "61"]
[EventDate "2011.09.25"]
[EventType "team-tourn"]
[EventRounds "9"]
[EventCountry "GER"]
[SourceTitle "EXT 2018"]
[Source "ChessBase"]
[SourceDate "2017.10.13"]
[SourceVersion "1"]
[SourceVersionDate "2017.10.13"]
[SourceQuality "1"]
[WhiteTeam "Muehlhof/Schwabach"]
[BlackTeam "Neumarkt"]
[WhiteTeamCountry "GER"]
[BlackTeamCountry "GER"]

1. e4 e6 2. d4 d5 3. Nc3 Bb4 4. e5 c5 5. a3 Bxc3+ 6. bxc3 Ne7 7. Nf3 Nbc6 8. a4 Qa5 9. Qd2 Bd7 10. Bd3 cxd4 11. cxd4 Qxd2+ 12. Bxd2 0-0 13. 0-0 f6 14. Rfb1 b6 15. Bf4 Ng6 16. Bg3 f5 17. h4 Rac8 18. h5 Nge7 19. Bb5 h6 20. Bh4 Be8 21. Bxe7 Nxe7 22. Bxe8 Rfxe8 23. a5 bxa5 24. Rxa5 Rxc2 25. Rxa7 Nc6 26. Rd7 Re7 27. Rxe7 Nxe7 28. Rb7 Nc6 29. Nh4 g5 30. hxg6 Nxd4 31. Rb8+ 1/2-1/2

[Event "Mittelfranken-chTB2b 1112"]
[Site "Germany"]
[Date "2012.02.26"]
[Round "7.3"]
[White "Kroneder, Christian"]
[Black "Bothe, Matthias"]
[Result "1/2-1/2"]
[WhiteElo "1993"]
[BlackElo "1915"]
[PlyCount "58"]
[EventDate "2011.09.25"]
[EventType "team-tourn"]
[EventRounds "9"]
[EventCountry "GER"]
[SourceTitle "EXT 2018"]
[Source "ChessBase"]
[SourceDate "2017.10.13"]
[SourceVersion "1"]
[SourceVersionDate "2017.10.13"]
[SourceQuality "1"]
[WhiteTeam "Schwanstetten"]
[BlackTeam "Neumarkt"]
[WhiteTeamCountry "GER"]
[BlackTeamCountry "GER"]

1. d4 Nf6 2. c4 g6 3. Nc3 d5 4. Nf3 Bg7 5. Bg5 Ne4 6. Bf4 Nxc3 7. bxc3 0-0 8. e3 c5 9. Qb3 cxd4 10. exd4 e6 11. Be2 Nc6 12. 0-0 Na5 13. Qb4 dxc4 14. Rfd1 b6 15. Ne5 Bb7 16. Nxc4 Nxc4 17. Bxc4 Rc8 18. Rac1 Qh4 19. Bg3 Qe4 20. Bf1 Bh6 21. Re1 Qd5 22. Rc2 Qf5 23. Rce2 Bf4 24. Bxf4 Qxf4 25. Re3 Rc7 26. Qa4 Qg5 27. Qb5 Qd5 28. Qxd5 Bxd5 29. c4 Bb7 1/2-1/2

[Event "Regionalliga NO 0910"]
[Site "Bayern"]
[Date "2010.03.21"]
[Round "8.8"]
[White "Bothe, Matthias"]
[Black "Wagner, Alexander"]
[Result "0-1"]
[WhiteElo "1849"]
[BlackElo "1662"]
[PlyCount "60"]
[EventDate "2009.10.18"]
[EventType "team-tourn"]
[EventRounds "9"]
[EventCountry "GER"]
[SourceTitle "EXT 2011"]
[Source "ChessBase"]
[SourceDate "2010.11.26"]
[SourceVersion "1"]
[SourceVersionDate "2010.11.26"]
[SourceQuality "1"]
[WhiteTeam "Dietfurt"]
[BlackTeam "Fuerth"]
[WhiteTeamCountry "GER"]
[BlackTeamCountry "GER"]

1. c4 e5 2. g3 Nf6 3. Bg2 Nc6 4. Nc3 Bc5 5. Nf3 d5 6. cxd5 Nxd5 7. 0-0 Nxc3 8. bxc3 0-0 9. Qb3 Rb8 10. Qc2 f5 11. Bb2 f4 12. d4 Bd6 13. e4 Bg4 14. d5 Ne7 15. c4 Bxf3 16. Bxf3 Bc5 17. Bg4 Ng6 18. Bf5 fxg3 19. hxg3 Qg5 20. Bc1 Qxg3+ 21. Kh1 Qf3+ 22. Kh2 Rxf5 23. exf5 Nh4 24. Rg1 e4 25. Rg3 Bd6 26. Kh3 Bxg3 27. fxg3 Nxf5 28. Bf4 g5 29. Bxc7 Ne3 30. Kh2 Nxc2 0-1

[Event "Regionalliga NO 0910"]
[Site "Bayern"]
[Date "2010.02.07"]
[Round "6.8"]
[White "Horstmann, Astrid"]
[Black "Bothe, Matthias"]
[Result "1/2-1/2"]
[WhiteElo "1764"]
[BlackElo "1849"]
[PlyCount "79"]
[EventDate "2009.10.18"]
[EventType "team-tourn"]
[EventRounds "9"]
[EventCountry "GER"]
[SourceTitle "EXT 2011"]
[Source "ChessBase"]
[SourceDate "2010.11.26"]
[SourceVersion "1"]
[SourceVersionDate "2010.11.26"]
[SourceQuality "1"]
[WhiteTeam "Bechhofen"]
[BlackTeam "Dietfurt"]
[WhiteTeamCountry "GER"]
[BlackTeamCountry "GER"]

1. c4 Nf6 2. Nc3 g6 3. g3 Bg7 4. Bg2 0-0 5. e4 d6 6. Nge2 e5 7. 0-0 Be6 8. b3 Qd7 9. d4 Bh3 10. d5 Bxg2 11. Kxg2 Na6 12. f3 h6 13. Be3 b6 14. h3 Nc5 15. Qc2 a5 16. Rae1 Rae8 17. Nc1 Kh7 18. a3 Qc8 19. b4 Ncd7 20. Nb5 axb4 21. axb4 Qb7 22. Nd3 Ra8 23. Rb1 Ne8 24. c5 c6 25. Nc3 b5 26. Ra1 Nef6 27. dxc6 Qxc6 28. cxd6 Rxa1 29. Rxa1 Rc8 30. Nc5 Qxd6 31. Ra6 Qb8 32. Qa2 Nxc5 33. bxc5 b4 34. Nd5 b3 35. Qb2 Nxd5 36. exd5 e4 37. Qd2 exf3+ 38. Kxf3 b2 39. Rb6 Qe5 40. Bf4 1/2-1/2

[Event "Regionalliga NO 0809"]
[Site "Bayern"]
[Date "2008.11.30"]
[Round "3.7"]
[White "Bothe, Matthias"]
[Black "Kues, Manuel"]
[Result "1-0"]
[WhiteElo "1840"]
[BlackElo "1836"]
[PlyCount "63"]
[EventDate "2008.10.05"]
[EventType "team-tourn"]
[EventRounds "9"]
[EventCountry "GER"]
[SourceTitle "EXT 2020"]
[Source "ChessBase"]
[SourceDate "2019.10.17"]
[SourceVersion "1"]
[SourceVersionDate "2019.10.17"]
[SourceQuality "1"]
[WhiteTeam "Dietfurt"]
[BlackTeam "Kareth Lappersdorf"]
[WhiteTeamCountry "GER"]
[BlackTeamCountry "GER"]

1. c4 Nf6 2. Nc3 g6 3. Nf3 Bg7 4. g3 d6 5. Bg2 0-0 6. 0-0 e5 7. d3 c6 8. Bd2 Nbd7 9. Qc2 Nc5 10. b4 Ne6 11. Rab1 Bd7 12. Qc1 Nh5 13. Ng5 f5 14. Nxe6 Bxe6 15. b5 Qd7 16. bxc6 bxc6 17. Qb2 Rf7 18. Qa3 f4 19. Ne4 fxg3 20. hxg3 d5 21. Ng5 Rf6 22. Nxe6 Rxe6 23. Bh3 Rf8 24. cxd5 Qxd5 25. Bxe6+ Qxe6 26. Qb3 Qxb3 27. Rxb3 Rd8 28. Rc1 e4 29. Rxc6 Bd4 30. Kg2 Bb6 31. Be3 exd3 32. Rxd3 1-0

[Event "FICGS W-ch st1 g13 email"]
[Site "FICGS email"]
[Date "2008.01.08"]
[Round "1"]
[White "Bothe, Matthias"]
[Black "Roe, Philip"]
[Result "0-1"]
[WhiteElo "1014"]
[BlackElo "1845"]
[PlyCount "26"]
[EventDate "2008.??.??"]
[EventType "tourn (corr)"]
[EventRounds "8"]
[SourceTitle "Corr 2022"]
[Source "ChessBase"]
[SourceDate "2021.10.24"]
[SourceVersion "1"]
[SourceVersionDate "2021.10.24"]
[SourceQuality "1"]

1. e4 c5 2. Bc4 e6 3. Nf3 Nc6 4. 0-0 d5 5. exd5 exd5 6. Qe2+ Be7 7. Bb3 Bg4 8. d3 Nd4 9. h3 Nxe2+ 10. Kh2 Bd6+ 11. Kh1 Bxf3 12. gxf3 Qh4 13. Nd2 Qxh3# 0-1

[Event "FICGS class G 000018 email"]
[Site "FICGS email"]
[Date "2007.10.25"]
[Round "1"]
[White "Lorena, June"]
[Black "Bothe, Matthias"]
[Result "1-0"]
[WhiteElo "987"]
[BlackElo "1135"]
[PlyCount "33"]
[EventDate "2007.??.??"]
[EventType "tourn (corr)"]
[EventRounds "4"]
[SourceTitle "Corr 2022"]
[Source "ChessBase"]
[SourceDate "2021.10.24"]
[SourceVersion "1"]
[SourceVersionDate "2021.10.24"]
[SourceQuality "1"]

1. d4 d5 2. Nc3 Nf6 3. e4 dxe4 4. f3 Nc6 5. Bf4 exf3 6. Nxf3 e6 7. Nb5 Bd6 8. Nxd6+ cxd6 9. Bd3 0-0 10. 0-0 e5 11. dxe5 dxe5 12. Be3 e4 13. Bc4 exf3 14. Qxf3 Be6 15. Bd3 Re8 16. Bg5 Bd5 17. Qh3 1-0

[Event "FICGS W-ch st1 g16 email"]
[Site "FICGS email"]
[Date "2007.07.11"]
[Round "1"]
[White "Bothe, Matthias"]
[Black "Valentin, Florea"]
[Result "0-1"]
[WhiteElo "1063"]
[BlackElo "1917"]
[PlyCount "34"]
[EventDate "2007.??.??"]
[EventType "tourn (corr)"]
[EventRounds "8"]
[SourceTitle "Corr 2022"]
[Source "ChessBase"]
[SourceDate "2021.10.24"]
[SourceVersion "1"]
[SourceVersionDate "2021.10.24"]
[SourceQuality "1"]

1. e4 c5 2. Nc3 Nc6 3. Bc4 Nf6 4. Nf3 e6 5. 0-0 Be7 6. d3 d5 7. exd5 exd5 8. Bb5 0-0 9. Bf4 Nd4 10. Ne5 a6 11. Ba4 b5 12. Bb3 c4 13. Bxc4 dxc4 14. dxc4 bxc4 15. Nxc4 Bg4 16. Qd3 Bf5 17. Qxf5 Nxf5 0-1

[Event "FICGS W-ch st1 g16 email"]
[Site "FICGS email"]
[Date "2007.07.11"]
[Round "1"]
[White "Geana, Dan"]
[Black "Bothe, Matthias"]
[Result "1-0"]
[WhiteElo "1885"]
[BlackElo "1063"]
[PlyCount "29"]
[EventDate "2007.??.??"]
[EventType "tourn (corr)"]
[EventRounds "8"]
[SourceTitle "Corr 2022"]
[Source "ChessBase"]
[SourceDate "2021.10.24"]
[SourceVersion "1"]
[SourceVersionDate "2021.10.24"]
[SourceQuality "1"]

1. e4 e5 2. Nf3 Nc6 3. Bb5 f6 4. 0-0 Bc5 5. c3 Nh6 6. d4 exd4 7. cxd4 Bd6 8. Bxh6 gxh6 9. Bc4 Qe7 10. Nh4 Qxe4 11. Re1 Qxe1+ 12. Qxe1+ Kf8 13. Qe3 Nxd4 14. Qxh6+ Ke7 15. Qg7+ 1-0

[Event "FICGS class G 000013 email"]
[Site "FICGS email"]
[Date "2007.04.17"]
[Round "1"]
[White "Bothe, Matthias"]
[Black "Barradas, Anderson"]
[Result "0-1"]
[WhiteElo "1087"]
[BlackElo "1149"]
[PlyCount "46"]
[EventDate "2007.??.??"]
[EventType "tourn (corr)"]
[EventRounds "4"]
[SourceTitle "Corr 2022"]
[Source "ChessBase"]
[SourceDate "2021.10.24"]
[SourceVersion "1"]
[SourceVersionDate "2021.10.24"]
[SourceQuality "1"]

1. e4 c6 2. Bc4 d5 3. exd5 cxd5 4. Bb5+ Nc6 5. Nf3 Bg4 6. 0-0 Nf6 7. d3 h6 8. Bxc6+ bxc6 9. c4 e6 10. Qa4 Qc7 11. Ne5 Rc8 12. Bf4 Bd6 13. g3 Bxe5 14. Bxe5 Qxe5 15. Nc3 Bf3 16. Qxa7 0-0 17. Rfe1 Qh5 18. h4 Qg4 19. Kh2 Nh5 20. Rg1 Rcd8 21. Rae1 dxc4 22. dxc4 Rd2 23. Qc7 Rxf2+ 0-1

[Event "FICGS class G 000013 email"]
[Site "FICGS email"]
[Date "2007.04.17"]
[Round "1"]
[White "Litzenburger, Xavier"]
[Black "Bothe, Matthias"]
[Result "0-1"]
[WhiteElo "1200"]
[BlackElo "1087"]
[PlyCount "26"]
[EventDate "2007.??.??"]
[EventType "tourn (corr)"]
[EventRounds "4"]
[SourceTitle "Corr 2022"]
[Source "ChessBase"]
[SourceDate "2021.10.24"]
[SourceVersion "1"]
[SourceVersionDate "2021.10.24"]
[SourceQuality "1"]

1. e4 e5 2. Nf3 Nc6 3. Bc4 Bc5 4. b4 Bxb4 5. c3 Bc5 6. d4 exd4 7. cxd4 Bb4+ 8. Bd2 Qe7 9. Qb3 Qxe4+ 10. Be2 Nxd4 11. Nxd4 Qxd4 12. Bxb4 Nf6 13. Bc3 Qc5 0-1

[Event "FICGS class G 000012 email"]
[Site "FICGS email"]
[Date "2007.04.04"]
[Round "1"]
[White "Fayol, Romain"]
[Black "Bothe, Matthias"]
[Result "0-1"]
[WhiteElo "1176"]
[BlackElo "1087"]
[PlyCount "30"]
[EventDate "2007.??.??"]
[EventType "tourn (corr)"]
[EventRounds "4"]
[SourceTitle "Corr 2022"]
[Source "ChessBase"]
[SourceDate "2021.10.24"]
[SourceVersion "1"]
[SourceVersionDate "2021.10.24"]
[SourceQuality "1"]

1. f4 f5 2. Nf3 d5 3. d3 Nf6 4. g3 e6 5. Bg2 Bc5 6. e3 0-0 7. 0-0 Ng4 8. Qe1 Qf6 9. h3 Nh6 10. Nbd2 Nc6 11. Nb3 Nb4 12. Nxc5 Nxc2 13. Qc3 Nxa1 14. d4 b6 15. Nd3 c5 0-1